01356nam a2200277 u 45000010006000000050017000060080041000230350010000640400013000740410008000870820008000951000042001032450184001452600043003293000014003726500052003866500040004386500039004786500083005177000039006009420010006399990017006495000115006669520131007819520166009127192220260504071751.0960313s1992 ||||||m| spa  a71922 ccomduadb aspa 4a36210aUribe de H., Emilse4auteaut926428610aCaracteristicas y cambios presentados en las familias de ninos afectados de cancer, atendidos en el servicio de hematologia infantil del Hospital Universitario San Vicente de Paul aMedellín :b[sin publicador],c1992. a126 hojas aNiños enfermos - Relaciones familiares912950 7aTrabajo social con niños2939826 aRelación familia-paciente912951 aHospital Universitario San Vicente de Paul (Medellin) - Investigaciones92842410aOchoa Z., Bertha4auteaut9480788 cTESIS c27803d27803 aTesis (Especialista en Gerencia del Desarrollo Social). Universidad de Antioquia - Título del grado otorgado 001040708ANTIOQUIAaBCbBCd1998-05-13iC115562l0o362.78 U76cp61000002229413r2023-04-20 00:00:00t1w2023-04-20yTESISI 001040708TESISBCaBCbBCd2002-07-17eMaterial adquirido por donacióniC749433l0o362.78 U76c e2p61000003564487r2023-04-20 00:00:00t2w2023-04-20yTESIS